Castellano 7º año Educación Básica
Shranjeno v:
| Main Authors: | , , , |
|---|---|
| Drugi avtorji: | |
| Format: | Knjiga |
| Jezik: | španščina |
| Izdano: |
Santiago
Arrayán
2000
|
| Serija: | Arrayan siglo XXI
|
| Teme: | |
| Oznake: |
Označite
Brez oznak, prvi označite!
|
MARC
| LEADER | 00000nam a2200000 a 4500 | ||
|---|---|---|---|
| 001 | UCH8305 | ||
| 003 | CL-VaPUC | ||
| 008 | 091127e20000000CL |||||||||||||||||spa|d | ||
| 020 | |a 9562401758 | ||
| 082 | 0 | 4 | |a 372.6 |b TOR |2 21 |
| 100 | 0 | |a Toro Arriagada, Gabriela |e author |9 544826 | |
| 700 | |a Martínez Espinoza, Oriana |e autora |9 544832 | ||
| 700 | |a González Draper, Rosa Ester |e author |9 544833 | ||
| 700 | 0 | |a Cáceres Figueroa, María Angélica |e author |9 544829 | |
| 700 | 0 | |a Arellano Luco, Adriana |e author |9 544830 | |
| 245 | 1 | 0 | |a Castellano 7º año Educación Básica |
| 300 | |a 192 p | ||
| 942 | |c BK | ||
| 945 | |d 20091127 00:00:00 |a lazolas | ||
| 260 | |a Santiago |b Arrayán |c 2000 | ||
| 650 | 0 | |a Literatura |9 259151 | |
| 650 | 0 | |a Cuentos |9 308079 | |
| 650 | 0 | |a Poesía |9 265825 | |
| 650 | 0 | |a Teatro |9 265385 | |
| 650 | 0 | |a Gramática |9 270497 | |
| 650 | 0 | |a Lexicografía |9 321487 | |
| 650 | 0 | |a Ortografía |9 309144 | |
| 650 | 0 | |a Escritura |9 264941 | |
| 650 | 0 | |a Libros de texto |9 270019 | |
| 583 | |a last modification |c 20170816 01:06:30 |k Rodrigo Vera | ||
| 490 | 0 | |a Arrayan siglo XXI | |
| 999 | |c 338532 |d 338530 | ||